[Event "Paques/Easter op"]
[Site "Montreal CAN"]
[Date "1982.04.10"]
[Round "3"]
[White "Douville, Martin"]
[Black "Morin, Louis"]
[Result "1/2-1/2"]
[WhiteElo "1778"]
[BlackElo "1855"]
[PlyCount "88"]
[GameId "2160767912848594"]
[EventDate "1982.04.09"]
[EventType "swiss"]
[EventRounds "6"]
[EventCountry "CAN"]
[SourceTitle "hb 2013"]

1. d4 Nf6 2. c4 e6 3. Nc3 d5 4. Bg5 Nbd7 5. Nf3 Be7 6. Rc1 O-O 7. e3 a6 8. a3 h6 9. Bh4 dxc4 10. Bxc4 b5 11. Be2 c5 12. dxc5 Nxc5 13. O-O Bb7 14. Nd4 Rc8 15. Bf3 Qb6 16. Bxb7 Qxb7 17. b4 Nce4 18. Qf3 Qc7 19. Bxf6 Nxf6 20. Nce2 Qd7 21. Nc6 Bd6 22. Rfd1 Nd5 23. Na5 Rxc1 24. Nxc1 Qc7 25. g3 Rc8 26. Ncb3 Qb6 27. Rc1 Nc3 28. e4 Be5 29. Qd3 Rd8 30. Qc2 Rc8 31. Qd3 Rd8 32. Qc2 Rd7 33. Kg2 Rc7 34. Qd3 Rc8 35. Qc2 g6 36. Nc5 Rxc5 37. bxc5 Qxa5 38. f4 Bd4 39. c6 e5 40. Qd2 Qc7 41. Rxc3 Bxc3 42. Qxc3 exf4 43. gxf4 Kh7 44. e5 Kg8 1/2-1/2

[Event "Pere Noel"]
[Site "Montreal CAN"]
[Date "1982.12.26"]
[Round "1"]
[White "Cossette, Daniel"]
[Black "Zalys, Ignas"]
[Result "1/2-1/2"]
[WhiteElo "1665"]
[BlackElo "1925"]
[PlyCount "90"]
[GameId "2160767912811140"]
[EventDate "1982.12.26"]
[EventType "swiss"]
[EventRounds "5"]
[EventCountry "CAN"]
[SourceTitle "EXT 2022"]
[Source "ChessBase"]
[SourceDate "2021.10.06"]
[SourceVersion "1"]
[SourceVersionDate "2021.10.06"]
[SourceQuality "1"]

1. e4 c5 2. c4 Nc6 3. Nc3 d6 4. g3 Nf6 5. Bg2 Bg4 6. f3 Bd7 7. Nge2 g6 8. d3 Bg7 9. h3 a6 10. a3 Nd4 11. Nxd4 cxd4 12. Ne2 e5 13. O-O b5 14. b3 O-O 15. f4 Ne8 16. f5 Rb8 17. Bd2 Bc6 18. Qc1 bxc4 19. bxc4 gxf5 20. Rxf5 Qb6 21. Bg5 f6 22. Bh4 Qb2 23. Qf1 Rf7 24. g4 Rfb7 25. Re1 Qxa3 26. Ng3 Bd7 27. Rf3 Qa5 28. Nh5 Be6 29. Bxf6 Bxf6 30. Nxf6+ Nxf6 31. Rxf6 Rf7 32. Rxf7 Bxf7 33. Ra1 Qb6 34. Qc1 a5 35. Qg5+ Kh8 36. Qf6+ Kg8 37. Rf1 Rf8 38. Qg5+ Bg6 39. h4 Rxf1+ 40. Bxf1 Kf8 41. h5 Bf7 42. Qh6+ Kg8 43. Qg5+ Kf8 44. Qh6+ Kg8 45. Qg5+ Kf8 1/2-1/2

[Event "Pere Noel"]
[Site "Montreal CAN"]
[Date "1982.12.26"]
[Round "1"]
[White "Mercille, Pierre"]
[Black "Veltmann, Martin"]
[Result "1/2-1/2"]
[WhiteElo "1510"]
[BlackElo "1865"]
[PlyCount "94"]
[GameId "2160767912811141"]
[EventDate "1982.12.26"]
[EventType "swiss"]
[EventRounds "5"]
[EventCountry "CAN"]

1. e4 c6 2. d4 d5 3. e5 Bf5 4. Bd3 Bxd3 5. Qxd3 e6 6. Ne2 Qb6 7. Nbc3 Qa6 8. Qg3 Ne7 9. O-O Nf5 10. Qf4 Nd7 11. Ng3 g6 12. Nxf5 gxf5 13. Qg5 Qb6 14. Rd1 h5 15. b3 Qd8 16. Qxd8+ Kxd8 17. Bg5+ Kc7 18. Ne2 Rg8 19. h4 Ba3 20. Rab1 a5 21. Rd3 b5 22. c4 Bf8 23. cxd5 cxd5 24. Rc1+ Kb7 25. Rdc3 Ba3 26. Rc7+ Ka6 27. R1c6+ Nb6 28. Rxf7 Rac8 29. Rfc7 Rxc7 30. Rxc7 Rc8 31. Rxc8 Nxc8 32. Nf4 a4 33. bxa4 bxa4 34. Nxh5 Bb2 35. Be3 Kb5 36. Kf1 Kc4 37. Ke2 Bxd4 38. Bxd4 Kxd4 39. f4 Kc3 40. Ng7 d4 41. Nxe6 d3+ 42. Kd1 Nb6 43. Nc5 d2 44. e6 Nc4 45. Nxa4+ Kd3 46. Nc5+ Kc3 47. Na4+ Kd3 1/2-1/2

[Event "Pere Noel"]
[Site "Montreal CAN"]
[Date "1982.12.27"]
[Round "2"]
[White "Veltmann, Martin"]
[Black "Peladeau, Philippe"]
[Result "1-0"]
[WhiteElo "1865"]
[BlackElo "1558"]
[PlyCount "53"]
[GameId "2160767912811143"]
[EventDate "1982.12.26"]
[EventType "swiss"]
[EventRounds "5"]
[EventCountry "CAN"]

1. e4 c5 2. Nf3 e6 3. d4 cxd4 4. Nxd4 Nf6 5. Nc3 a6 6. Be3 d6 7. f4 Qc7 8. Be2 Be7 9. O-O O-O 10. Qe1 Nc6 11. Qg3 Rd8 12. Nf3 b5 13. Bd3 b4 14. Ne2 d5 15. e5 Ne4 16. Qh3 f5 17. exf6 Nxf6 18. Ng5 h6 19. Nxe6 Bxe6 20. Qxe6+ Kh8 21. Qf5 d4 22. Bf2 Rd5 23. Qg6 Bd6 24. Bh4 Ne7 25. Qg3 Rh5 26. Bxf6 gxf6 27. Qf3 1-0

[Event "Pere Noel"]
[Site "Montreal CAN"]
[Date "1982.12.27"]
[Round "2"]
[White "Zalys, Ignas"]
[Black "Girouard, Michel"]
[Result "1-0"]
[WhiteElo "1925"]
[BlackElo "1735"]
[PlyCount "45"]
[GameId "2160767912811144"]
[EventDate "1982.12.26"]
[EventType "swiss"]
[EventRounds "5"]
[EventCountry "CAN"]
[SourceTitle "EXT 2022"]
[Source "ChessBase"]
[SourceDate "2021.10.06"]
[SourceVersion "1"]
[SourceVersionDate "2021.10.06"]
[SourceQuality "1"]

1. d4 f5 2. Nf3 Nf6 3. c4 g6 4. g3 Bg7 5. Bg2 O-O 6. O-O d6 7. Nc3 c6 8. Qc2 Qa5 9. Bd2 e5 10. Rad1 exd4 11. Nb5 d3 12. Qxd3 Qb6 13. Nxd6 Be6 14. Ng5 Bd7 15. b4 h6 16. c5 Qa6 17. Qb3+ Kh8 18. Ndf7+ Kg8 19. Ne5+ Nd5 20. Bxd5+ cxd5 21. Qxd5+ Kh8 22. Nef7+ Kg8 23. Nxh6+ 1-0

[Event "Pere Noel"]
[Site "Montreal CAN"]
[Date "1982.12.28"]
[Round "3"]
[White "Veltmann, Martin"]
[Black "Zalys, Ignas"]
[Result "0-1"]
[WhiteElo "1865"]
[BlackElo "1925"]
[PlyCount "108"]
[GameId "2160767912811146"]
[EventDate "1982.12.26"]
[EventType "swiss"]
[EventRounds "5"]
[EventCountry "CAN"]
[SourceTitle "EXT 2022"]
[Source "ChessBase"]
[SourceDate "2021.10.06"]
[SourceVersion "1"]
[SourceVersionDate "2021.10.06"]
[SourceQuality "1"]

1. e4 e5 2. Nf3 Nc6 3. Bb5 Bc5 4. O-O Nd4 5. Nxd4 Bxd4 6. c3 Bb6 7. d4 c6 8. Ba4 d6 9. Be3 Nf6 10. Bc2 O-O 11. h3 Qe7 12. Nd2 Be6 13. a4 Nd7 14. a5 Bc7 15. Qf3 d5 16. dxe5 Nxe5 17. Qh5 g6 18. Qe2 dxe4 19. Bxe4 f5 20. Bf3 Qf7 21. Ra4 Rfe8 22. Bd4 Bd5 23. Bxd5 Qxd5 24. Bxe5 Rxe5 25. Qd1 Rae8 26. Rd4 Qe6 27. Nf3 Rd5 28. Rxd5 Qxd5 29. Qxd5+ cxd5 30. b4 Re4 31. Nd4 Be5 32. Rd1 Bxd4 33. cxd4 Kf7 34. Rc1 Re7 35. Kf1 g5 36. Rc8 a6 37. Rh8 Ke6 38. Ke2 Rc7 39. Kd3 Rc4 40. Rxh7 Rxb4 41. Rh6+ Kf7 42. Rb6 Rxb6 43. axb6 Kg6 44. g3 f4 45. gxf4 gxf4 46. Kc3 a5 47. Kb3 Kh5 48. Ka4 Kh4 49. Kxa5 Kxh3 50. Kb5 f3 51. Kc5 Kg2 52. Kd6 Kxf2 53. Kc7 Ke3 54. Kxb7 f2 0-1

[Event "Pere Noel"]
[Site "Montreal CAN"]
[Date "1982.12.29"]
[Round "4"]
[White "Cabana, Gilbert"]
[Black "Veltmann, Martin"]
[Result "1/2-1/2"]
[WhiteElo "1666"]
[BlackElo "1865"]
[PlyCount "90"]
[GameId "2160767912811148"]
[EventDate "1982.12.26"]
[EventType "swiss"]
[EventRounds "5"]
[EventCountry "CAN"]

1. e4 g6 2. d4 Bg7 3. Nc3 d6 4. f4 c6 5. Be3 Qb6 6. Rb1 Nf6 7. Nf3 O-O 8. Qd2 Qc7 9. h3 b5 10. Bd3 b4 11. Nd1 a5 12. O-O c5 13. c3 Bb7 14. Nf2 Na6 15. g4 bxc3 16. bxc3 cxd4 17. cxd4 Nb4 18. Rbc1 Qb8 19. Bb1 Ba6 20. Rfe1 Rc8 21. a3 Nc6 22. Ba2 e5 23. fxe5 dxe5 24. d5 Nd4 25. Rxc8+ Bxc8 26. Nxd4 exd4 27. Bf4 Qa7 28. e5 Ne8 29. e6 fxe6 30. dxe6 Kh8 31. e7 Qc5 32. Nd3 Qxa3 33. Ne5 h6 34. Nxg6+ Kh7 35. Nf8+ Kh8 36. Ng6+ Kh7 37. Nf8+ Kh8 38. Be5 Qxh3 39. Qxd4 Bb7 40. Bxg7+ Nxg7 41. Ng6+ Kh7 42. Nf8+ Kh8 43. Ng6+ Kh7 44. Nf8+ Kh8 45. Ng6+ Kh7 1/2-1/2

[Event "Pere Noel"]
[Site "Montreal CAN"]
[Date "1982.12.29"]
[Round "4"]
[White "Zalys, Ignas"]
[Black "Desforges, Jean"]
[Result "1-0"]
[WhiteElo "1925"]
[BlackElo "1895"]
[PlyCount "129"]
[GameId "2160767912811149"]
[EventDate "1982.12.26"]
[EventType "swiss"]
[EventRounds "5"]
[EventCountry "CAN"]
[SourceTitle "EXT 2022"]
[Source "ChessBase"]
[SourceDate "2021.10.06"]
[SourceVersion "1"]
[SourceVersionDate "2021.10.06"]
[SourceQuality "1"]

1. d4 Nf6 2. Nc3 d5 3. Bg5 e6 4. e4 c5 5. Nf3 cxd4 6. Nxd4 Bb4 7. e5 h6 8. Bd2 Nfd7 9. f4 Nxe5 10. a3 Bc5 11. Nb3 Ned7 12. Nxc5 Nxc5 13. b4 d4 14. bxc5 dxc3 15. Bxc3 Qxd1+ 16. Rxd1 f6 17. Bc4 Nc6 18. O-O Bd7 19. Rfe1 O-O-O 20. Rd6 Rhe8 21. Bxe6 Bxe6 22. Rexe6 Rxe6 23. Rxe6 Rd1+ 24. Re1 Rxe1+ 25. Bxe1 Nd4 26. a4 Ne2+ 27. Kf2 Nxf4 28. Kf3 Ne6 29. Bf2 f5 30. g4 fxg4+ 31. Kxg4 a6 32. Kf5 Kd7 33. Kg6 Ke7 34. Bg3 Kf8 35. c3 Kg8 36. Bd6 Nf8+ 37. Kf5 Kf7 38. Ke4 Nd7 39. Kd5 Nf6+ 40. Ke5 Ng4+ 41. Kf5 Nf6 42. Ke5 Nd7+ 43. Kd5 Nf6+ 44. Ke5 g6 45. Bc7 Ne8 46. Bd8 g5 47. Kd5 g4 48. c4 h5 49. Bh4 Nf6+ 50. Ke5 Ne8 51. Kf5 Ng7+ 52. Kg5 Ne6+ 53. Kxh5 Nxc5 54. a5 Nd3 55. Bg3 Nb2 56. c5 Nc4 57. Bc7 Ne3 58. Bb6 Kf6 59. c6 bxc6 60. Bxe3 Kf5 61. Bc5 Kf4 62. Bd6+ Kf3 63. Kg5 c5 64. Bxc5 g3 65. h4 1-0

[Event "Pere Noel"]
[Site "Montreal CAN"]
[Date "1982.12.30"]
[Round "5"]
[White "Finta, Robert"]
[Black "Regnier, Alain"]
[Result "0-1"]
[WhiteElo "2129"]
[BlackElo "1935"]
[PlyCount "58"]
[GameId "2160767912811150"]
[EventDate "1982.12.26"]
[EventType "swiss"]
[EventRounds "5"]
[EventCountry "CAN"]
[SourceTitle "Laval 1.1"]

1. d4 Nf6 2. c4 g6 3. Nc3 c5 4. e3 Bg7 5. Nge2 O-O 6. g3 d6 7. Bg2 Nc6 8. O-O e5 9. dxc5 dxc5 10. b3 Bg4 11. h3 Be6 12. Ba3 Qc8 13. Bxc5 Rd8 14. Nd5 Bxh3 15. Nec3 Bxg2 16. Kxg2 Qf5 17. Qb1 e4 18. Rd1 Qf3+ 19. Kg1 Ng4 20. Qc2 b6 21. Ba3 Re8 22. Rab1 Bxc3 23. Nxc3 Nxe3 24. fxe3 Qxe3+ 25. Kh2 Re5 26. Rf1 Rh5+ 27. Kg2 Nd4 28. Qb2 Nf3 29. Rh1 Ne1+ 0-1

[Event "Pere Noel"]
[Site "Montreal CAN"]
[Date "1982.12.30"]
[Round "5"]
[White "Michaud, Gerald"]
[Black "Veltmann, Martin"]
[Result "0-1"]
[WhiteElo "1726"]
[BlackElo "1865"]
[PlyCount "58"]
[GameId "2160767912811151"]
[EventDate "1982.12.26"]
[EventType "swiss"]
[EventRounds "5"]
[EventCountry "CAN"]

1. e4 c5 2. Nc3 d6 3. g3 g6 4. Bg2 Bg7 5. Nge2 e5 6. O-O Ne7 7. d3 O-O 8. Be3 Nbc6 9. Qd2 Nd4 10. Nd1 f5 11. Nxd4 cxd4 12. Bg5 Qc7 13. Rc1 f4 14. gxf4 h6 15. Bxe7 Qxe7 16. fxe5 dxe5 17. c4 Qh4 18. f3 Bf6 19. Qf2 Qh5 20. f4 Bh4 21. Qd2 Rxf4 22. Rxf4 exf4 23. Qxf4 Bg5 24. Qd6 Bxc1 25. Qd8+ Kf7 26. Qc7+ Ke8 27. Nf2 Be3 28. e5 Qd1+ 29. Bf1 Bh3 0-1

[Event "Pere Noel"]
[Site "Montreal CAN"]
[Date "1982.12.30"]
[Round "5"]
[White "Zalys, Ignas"]
[Black "Gagnon, Michel"]
[Result "0-1"]
[WhiteElo "1925"]
[BlackElo "2185"]
[PlyCount "110"]
[GameId "2160767912811152"]
[EventDate "1982.12.26"]
[EventType "swiss"]
[EventRounds "5"]
[EventCountry "CAN"]
[SourceTitle "EXT 2022"]
[Source "ChessBase"]
[SourceDate "2021.10.06"]
[SourceVersion "1"]
[SourceVersionDate "2021.10.06"]
[SourceQuality "1"]

1. d4 Nf6 2. Nc3 e6 3. e4 d5 4. Bg5 Bb4 5. e5 h6 6. Bd2 Bxc3 7. Bxc3 Ne4 8. Qg4 O-O 9. Bd3 Nxc3 10. bxc3 c5 11. Nf3 Nc6 12. dxc5 Qa5 13. O-O Qxc3 14. Rfe1 Qxc5 15. Qh5 Qe7 16. Re3 Nb4 17. Rae1 Nxd3 18. Rxd3 b6 19. Rd4 Bd7 20. Rg4 f5 21. exf6 Qxf6 22. Rg6 Be8 23. Rxf6 Bxh5 24. Rfxe6 Bxf3 25. gxf3 Rac8 26. Re7 Rf7 27. Re8+ Rxe8 28. Rxe8+ Kh7 29. Ra8 Rd7 30. Kf1 Kg6 31. Ke2 Kg5 32. Ke3 Kh4 33. f4 Kg4 34. f3+ Kh3 35. f5 Kxh2 36. f6 Rf7 37. Rg8 gxf6 38. Rh8 Kg3 39. Rxh6 Re7+ 40. Kd4 f5 41. Kxd5 f4 42. Kd6 Re2 43. Rh7 Rd2+ 44. Ke5 a5 45. Rc7 Kxf3 46. Rc6 b5 47. a3 Rh2 48. Ra6 Ke3 49. Kf5 f3 50. Re6+ Kd2 51. Kg4 f2 52. Rf6 Ke1 53. Re6+ Kf1 54. Kg3 Kg1 55. Rf6 Rg2+ 0-1

[Event "Pre-COQ"]
[Site "Montreal CAN"]
[Date "1982.07.16"]
[Round "1"]
[White "Morin, Louis"]
[Black "Bergeron, Jean-Guy"]
[Result "0-1"]
[WhiteElo "1848"]
[BlackElo "1550"]
[PlyCount "94"]
[GameId "2160767912848353"]
[EventDate "1982.07.16"]
[EventType "swiss"]
[EventRounds "5"]
[EventCountry "CAN"]
[SourceTitle "hb 2013"]

1. e4 e6 2. d4 d5 3. Nc3 Bb4 4. e5 Ne7 5. a3 Bxc3+ 6. bxc3 c5 7. Qg4 Qc7 8. Bd3 cxd4 9. Ne2 dxc3 10. Qxg7 Rg8 11. Qh6 Qxe5 12. Bxh7 Rxg2 13. Bf4 Qh8 14. Ng3 e5 15. Be3 Bg4 16. Bg5 Bf3 17. Bxe7 Rxg3 18. hxg3 Bxh1 19. Qd6 Nc6 20. Qh6 Be4 21. Bf6 Qxh7 22. Qxh7 Bxh7 23. O-O-O Be4 24. f4 Kd7 25. fxe5 Rg8 26. e6+ Kxe6 27. Bxc3 Rxg3 28. Bb2 Rg2 29. Rd2 Rg1+ 30. Rd1 Rh1 31. Rxh1 Bxh1 32. Kd2 Kf5 33. Ke3 Be4 34. c3 Kg4 35. Bc1 f5 36. Kf2 f4 37. Bd2 Ne5 38. Ke2 f3+ 39. Kf1 Nd3 40. Be3 b6 41. a4 Kg3 42. a5 f2 43. Ke2 Kg2 44. Bxf2 Nxf2 45. axb6 axb6 46. Ke3 Bd3 47. Kd4 Bc4 0-1

[Event "Pre-COQ"]
[Site "Montreal CAN"]
[Date "1982.07.16"]
[Round "1"]
[White "Spraggett, Kevin"]
[Black "Wilkin, Alain"]
[Result "1-0"]
[WhiteElo "2526"]
[BlackElo "1754"]
[PlyCount "89"]
[GameId "2160767912848354"]
[EventDate "1982.07.16"]
[EventType "swiss"]
[EventRounds "5"]
[EventCountry "CAN"]
[SourceTitle "Bulletin Mauricie 8.1"]

1. c4 Nf6 2. Nc3 g6 3. e4 d6 4. d4 Bg7 5. Be2 Nbd7 6. f4 O-O 7. Nf3 e5 8. dxe5 dxe5 9. fxe5 Ng4 10. Bg5 f6 11. exf6 Bxf6 12. O-O c6 13. Bxf6 Rxf6 14. Qd2 Qb6+ 15. Nd4 Rd6 16. Bxg4 Rxd4 17. Be6+ Kh8 18. Qh6 Rd1+ 19. Kh1 Rxa1 20. Rxa1 Qf2 21. Rd1 Nf8 22. Bxc8 Rxc8 23. Qd2 Qxd2 24. Rxd2 Ne6 25. Kg1 Rc7 26. Kf2 Kg7 27. Ke3 Kf6 28. b4 Ke7 29. e5 Ng5 30. Ne4 Nf7 31. Kf4 Rd7 32. Rxd7+ Kxd7 33. Ng5 Nd8 34. Nxh7 Ne6+ 35. Ke4 Ke7 36. h4 Ng7 37. g4 Kf7 38. Ng5+ Ke7 39. b5 Kd7 40. bxc6+ Kxc6 41. Kd4 b6 42. a3 a5 43. a4 Kd7 44. Kd5 Ne8 45. Ne6 1-0

[Event "Pre-COQ"]
[Site "Montreal CAN"]
[Date "1982.07.17"]
[Round "2"]
[White "Labranche, Francois"]
[Black "Morin, Louis"]
[Result "0-1"]
[WhiteElo "1247"]
[BlackElo "1848"]
[PlyCount "88"]
[GameId "2160767912848355"]
[EventDate "1982.07.16"]
[EventType "swiss"]
[EventRounds "5"]
[EventCountry "CAN"]
[SourceTitle "hb 2013"]

1. e4 c5 2. Bc4 e6 3. Nf3 d5 4. exd5 exd5 5. Bb5+ Bd7 6. Qe2+ Qe7 7. Qxe7+ Bxe7 8. Bxd7+ Nxd7 9. d4 c4 10. a3 Ngf6 11. O-O O-O 12. Nc3 a6 13. Re1 Rfe8 14. Bf4 Rac8 15. Re2 Nf8 16. Rae1 Ne6 17. Bg3 Kf8 18. h3 Rcd8 19. Rd1 Nh5 20. Re5 Nxg3 21. fxg3 Nc7 22. Rde1 Bd6 23. Rxe8+ Rxe8 24. Kh2 Rxe1 25. Nxe1 Ke7 26. Ne2 Ke6 27. Nf4+ Kf5 28. Nf3 Bxf4 29. gxf4 Kxf4 30. Ne5 f6 31. Nf3 Ne6 32. c3 Ke3 33. Kg3 Nf4 34. Ng1 Ne2+ 35. Nxe2 Kxe2 36. Kf4 g6 37. g4 h6 38. h4 Kd3 39. g5 fxg5+ 40. hxg5 h5 41. Ke5 h4 42. Kxd5 h3 43. Kc5 h2 44. d5 h1=Q 0-1

[Event "Pre-COQ"]
[Site "Montreal CAN"]
[Date "1982.07.17"]
[Round "3"]
[White "Morin, Louis"]
[Black "Page, Roger"]
[Result "1-0"]
[WhiteElo "1848"]
[BlackElo "1752"]
[PlyCount "47"]
[GameId "2160767912848357"]
[EventDate "1982.07.16"]
[EventType "swiss"]
[EventRounds "5"]
[EventCountry "CAN"]
[SourceTitle "hb 2013"]

1. e4 e6 2. d4 d5 3. e5 c5 4. c3 Nc6 5. Nf3 Qb6 6. Be2 cxd4 7. cxd4 Bb4+ 8. Bd2 Bxd2+ 9. Qxd2 Nge7 10. Nc3 a6 11. Rc1 Nf5 12. Na4 Qa7 13. Nc5 Bd7 14. g4 Nfe7 15. O-O O-O-O 16. Rc3 Kb8 17. Rb3 b5 18. Nxa6+ Qxa6 19. Bxb5 Qa7 20. Bxc6+ Kc8 21. Bb7+ Kc7 22. Rc1+ Bc6 23. Bxc6 Nxc6 24. Qc2 1-0

[Event "Pre-COQ"]
[Site "Montreal CAN"]
[Date "1982.07.18"]
[Round "4"]
[White "Morin, Louis"]
[Black "Gagnon, Michel"]
[Result "0-1"]
[WhiteElo "1848"]
[BlackElo "2052"]
[PlyCount "130"]
[GameId "2160767912848359"]
[EventDate "1982.07.16"]
[EventType "swiss"]
[EventRounds "5"]
[EventCountry "CAN"]
[SourceTitle "hb 2013"]

1. e4 e5 2. Nf3 Nc6 3. Bb5 a6 4. Ba4 Nf6 5. O-O Bc5 6. Nxe5 Nxe5 7. d4 Nxe4 8. dxe5 Nxf2 9. Qd5 Ba7 10. Bb3 O-O 11. Rxf2 Bxf2+ 12. Kxf2 Qh4+ 13. g3 Qxh2+ 14. Qg2 Qh5 15. Bf4 d6 16. exd6 Re8 17. Nc3 Qc5+ 18. Kf1 cxd6 19. Rd1 Bd7 20. Bxd6 Qh5 21. Kg1 Bg4 22. Rf1 Be6 23. Nd5 Red8 24. Nf4 Qg4 25. Nxe6 Rxd6 26. Nc5 Rf8 27. Nxb7 Rg6 28. c3 Qd7 29. Nc5 Qa7 30. Rf5 Qc7 31. Kf2 Rd6 32. Ne4 Rh6 33. Kg1 Qe7 34. Qf3 Qa7+ 35. Kg2 Qd7 36. Qf4 Rg6 37. Kf2 h6 38. Nc5 Qa7 39. Qd4 Qc7 40. Ne4 Qc8 41. Qd5 Re6 42. Qc4 Rxe4 43. Qxc8 Rxc8 44. Bxf7+ Kh8 45. Bb3 Rd8 46. Bd5 g6 47. Bxe4 gxf5 48. Bxf5 Rd2+ 49. Ke3 Rxb2 50. Be6 Kg7 51. Kd4 Kf6 52. Bc4 a5 53. Bd5 Rd2+ 54. Kc5 Ke5 55. Bb3 Rg2 56. Kb5 Rxg3 57. c4 Kd6 58. c5+ Kc7 59. Bf7 Rg5 60. Kxa5 Rxc5+ 61. Kb4 Kb6 62. a4 h5 63. Be6 h4 64. a5+ Rxa5 65. Kc3 h3 0-1

[Event "Qualification Specialiste"]
[Site "Montreal CAN"]
[Date "1982.08.21"]
[Round "1"]
[White "Bolduc, Steve"]
[Black "Kiss, Ivans"]
[Result "1-0"]
[WhiteElo "2140"]
[BlackElo "1689"]
[PlyCount "76"]
[GameId "2160767912848243"]
[EventDate "1982.08.21"]
[EventType "swiss"]
[EventRounds "4"]
[EventCountry "CAN"]

1. c4 Nf6 2. Nc3 e5 3. Nf3 d6 4. d4 Nbd7 5. Bg5 Be7 6. e3 O-O 7. Bd3 exd4 8. exd4 Nb6 9. Qc2 h6 10. h4 Be6 11. d5 Bg4 12. Be3 c6 13. dxc6 bxc6 14. O-O-O Nbd7 15. Rdg1 d5 16. Nd4 Ne5 17. f3 Nxd3+ 18. Qxd3 dxc4 19. Qxc4 Bd7 20. Rd1 Qc8 21. Rhe1 Rb8 22. Bxh6 Nd5 23. Re5 Bb4 24. Bd2 Nxc3 25. Bxc3 Bxc3 26. Qxc3 c5 27. Nb3 Ba4 28. Red5 Bxb3 29. axb3 Qb7 30. Rg5 g6 31. Kc2 Qb4 32. h5 c4 33. bxc4 Rfc8 34. Rd4 Qxc3+ 35. Kxc3 Kg7 36. hxg6 fxg6 37. Rd6 Re8 38. Rgxg6+ Kh7 1-0

[Event "Qualification Specialiste"]
[Site "Montreal CAN"]
[Date "1982.08.21"]
[Round "2"]
[White "Ethier, Bertrand"]
[Black "Bolduc, Steve"]
[Result "0-1"]
[WhiteElo "1789"]
[BlackElo "2140"]
[PlyCount "38"]
[GameId "2160767912848244"]
[EventDate "1982.08.21"]
[EventType "swiss"]
[EventRounds "4"]
[EventCountry "CAN"]

1. e4 c6 2. d4 d5 3. Nc3 dxe4 4. Nxe4 Nd7 5. Bc4 Ngf6 6. Ng5 e6 7. c3 h6 8. N5f3 Qc7 9. Ne2 Bd6 10. Bb3 c5 11. Be3 b6 12. dxc5 Nxc5 13. Bxc5 bxc5 14. Bc4 O-O 15. Ng3 Nd5 16. Bxd5 exd5 17. Qxd5 Re8+ 18. Kd2 Ba6 19. Rad1 Red8 0-1

[Event "Qualification Specialiste"]
[Site "Montreal CAN"]
[Date "1982.08.22"]
[Round "4"]
[White "Alain, Benoit"]
[Black "Bolduc, Steve"]
[Result "0-1"]
[WhiteElo "1926"]
[BlackElo "2140"]
[PlyCount "84"]
[GameId "2160767912848246"]
[EventDate "1982.08.21"]
[EventType "swiss"]
[EventRounds "4"]
[EventCountry "CAN"]

1. e4 e5 2. Nf3 Nc6 3. Bc4 Nf6 4. d3 Be7 5. Bb3 d6 6. c3 Bg4 7. Nbd2 Qd7 8. h3 Bh5 9. g4 Bg6 10. Nc4 O-O-O 11. Be3 h5 12. g5 Nh7 13. Ba4 f5 14. Na5 fxe4 15. Bxc6 bxc6 16. Qb3 Qe8 17. Qb7+ Kd7 18. Qxc6+ Ke6 19. Qxe8 Rdxe8 20. Nh4 Bf5 21. Nxf5 Kxf5 22. dxe4+ Kxe4 23. Rg1 c5 24. Nc6 a6 25. Nxe7 Rxe7 26. O-O-O Re6 27. c4 Rc8 28. Rd5 Nf8 29. Rgd1 Rc6 30. f4 Kxe3 31. f5 Re7 32. Rf1 e4 33. Kc2 Nd7 34. Kc3 Ne5 35. b3 Nf3 36. h4 Kf4 37. f6 gxf6 38. gxf6 Rf7 39. Rxh5 Rxf6 40. Rh8 Rc7 41. h5 Rff7 42. Rd1 Nd4 0-1

[Event "Quebec op"]
[Site "Montreal CAN"]
[Date "1982.08.01"]
[Round "1"]
[White "Bolduc, Steve"]
[Black "Gilbert, Erick"]
[Result "1-0"]
[WhiteElo "2120"]
[BlackElo "1827"]
[PlyCount "59"]
[GameId "2160767912848249"]
[EventDate "1982.08.01"]
[EventType "swiss"]
[EventRounds "8"]
[EventCountry "CAN"]
[SourceTitle "EXT 2022"]
[Source "ChessBase"]
[SourceDate "2021.10.06"]
[SourceVersion "1"]
[SourceVersionDate "2021.10.06"]
[SourceQuality "1"]

1. d4 e6 2. c4 Nf6 3. Nc3 Bb4 4. e3 d5 5. Nf3 Bd7 6. Bd2 O-O 7. Qb3 Nc6 8. cxd5 Bxc3 9. bxc3 Nxd5 10. Qxb7 Rb8 11. Qa6 Rb6 12. Qa3 Qf6 13. Bd3 Rfb8 14. O-O g5 15. Rfb1 g4 16. Rxb6 Rxb6 17. Ne1 e5 18. Be4 Nce7 19. c4 Ra6 20. Qd3 exd4 21. cxd5 dxe3 22. fxe3 Rb6 23. Bc3 Qh6 24. Qd4 f5 25. Bc2 Kf8 26. Nd3 g3 27. hxg3 Nxd5 28. Qxd5 Qxe3+ 29. Kf1 Bb5 30. Qxf5+ 1-0

[Event "Quebec op"]
[Site "Montreal CAN"]
[Date "1982.08.01"]
[Round "1"]
[White "Levtchouk, George"]
[Black "Robichaud, Louis"]
[Result "0-1"]
[WhiteElo "2174"]
[BlackElo "1963"]
[PlyCount "94"]
[GameId "2160767912848250"]
[EventDate "1982.08.01"]
[EventType "swiss"]
[EventRounds "8"]
[EventCountry "CAN"]
[SourceTitle "EXT 2022"]
[Source "ChessBase"]
[SourceDate "2021.10.06"]
[SourceVersion "1"]
[SourceVersionDate "2021.10.06"]
[SourceQuality "1"]

1. e4 g6 2. d4 Bg7 3. Nc3 d6 4. Be3 a6 5. Qd2 b5 6. a4 b4 7. Nce2 a5 8. c4 bxc3 9. Nxc3 Na6 10. Bc4 Nb4 11. Nf3 Nf6 12. h3 Nd7 13. Bh6 Bxh6 14. Qxh6 Nb6 15. Qg7 Rf8 16. Ng5 Nxc4 17. Nxh7 Nc2+ 18. Kd1 Nxa1 19. Qxf8+ Kd7 20. Qxf7 Ba6 21. Nf6+ Kc8 22. Nb5 Nxb2+ 23. Kd2 Nxa4 24. Nxd6+ Qxd6 25. Qe8+ Kb7 26. Qxa4 exf6 27. Qxa1 Qb4+ 28. Ke3 Qb3+ 29. Kf4 g5+ 30. Kg4 Be2+ 31. f3 Qe6+ 32. Kg3 Bb5 33. Rb1 Ka6 34. Qb2 Rb8 35. Qc3 c6 36. Ra1 Qd6+ 37. Kf2 a4 38. Rd1 Kb6 39. Kg1 Ra8 40. Kh1 a3 41. d5 Qe5 42. Qe1 a2 43. Ra1 cxd5 44. Qg1+ d4 45. Rd1 Ra4 46. h4 gxh4 47. f4 Qxe4 0-1

[Event "Quebec op"]
[Site "Montreal CAN"]
[Date "1982.08.01"]
[Round "1"]
[White "Morin, Louis"]
[Black "Morenz, Robert"]
[Result "0-1"]
[WhiteElo "1825"]
[BlackElo "2090"]
[PlyCount "56"]
[GameId "2160767912848251"]
[EventDate "1982.08.01"]
[EventType "swiss"]
[EventRounds "8"]
[EventCountry "CAN"]
[SourceTitle "hb 2013"]

1. e4 e5 2. Nf3 Nc6 3. Bb5 a6 4. Bxc6 dxc6 5. O-O f6 6. d4 Bg4 7. dxe5 Qxd1 8. Rxd1 fxe5 9. Rd3 Bxf3 10. gxf3 Bd6 11. Be3 Ne7 12. Nd2 Ng6 13. Nc4 Be7 14. Na5 O-O 15. Nxb7 Rab8 16. Rb3 Rxf3 17. Na5 Rbf8 18. Nxc6 Bh4 19. Rf1 R8f6 20. Kg2 h6 21. Nb4 Bg5 22. Bxg5 hxg5 23. Rxf3 Nh4+ 24. Kg3 Rxf3+ 25. Kg4 Rf4+ 26. Kxg5 Nf3+ 27. Kg6 Rf6+ 28. Kh5 Rh6+ 0-1